000 00715nam a2200205 i 4500
001 57783
003 ES-MaACL
005 20230906163640.0
007 t|
008 031017s1908 fr ||||1| fre d
100 1 _aDu Bellay, Joachim.
_945692
245 1 0 _aOeuvres poétiques
_b: recueils de sonnets /
_cJoachim Du Bellay ; edition critique publiée par Henri Chamard.
260 _aParis :
_bEdouard Cornély et Cie,
_c1908 (
_eMaçon :
_fProtat Frères)
300 _aXIV, 150 p. ;
_c19 cm.
490 1 _aSociété des textes français. Modernes
700 1 _aChamard, Henri.
_937840
830 0 _aSociété des textes français. Modernes
_9230447
852 _aES-MaACL
_jB-13239
999 _c57783
_d57783